000 00521 a2200181 4500
005 20130722104809.0
008 130722b xxu||||| |||| 00| 0 eng d
020 _a9788132110378
080 _a658
_bPIT
100 _a Pitt, Martyn
245 _aEssentials of strategic management
_cMartyn Pitt and Dimitrios Koufopoulos
260 _bSage
_c2012
_aLos Agneles
300 _axviii, 451p.
653 _aStratigic management
653 _aStrategic decision making
653 _aStrategy implementation
942 _cBK
999 _c76971
_d76970